000 00665nam a2200205Ia 4500
005 20260629163254.0
008 260629s9999||||xx |||||||||||||| ||und||
020 _a9780804762373
_qpbk
082 _a809.933581
_bHIT
100 _aHitchcock, Peter
245 4 _aThe long space : transnationalism and postcolonial form
260 _aStanford
_bStanford University Press
_c2010
300 _axiv, 295p. ; 23cm.
490 _aCultural memory in the present
653 _aLiterature, Modern--History and criticism
653 _aPostcolonialism in literature
653 _aSpace and time in literature
653 _aTransnationalism in literature
942 _cBK
999 _c57301
_d57301